000 00753nas a2200253 4500
001 BR9702836
003 BR-BrBNA
005 20231205100233.0
007 ta
008 230509b bl.|||p| |||| 00| 00por d
040 _aBR-BrBNA
_bpor
_cBiblioteca Nacional de Agricultura
041 _a(Pt)
072 _aL73
100 1 _aAmarante, A.F.T.
100 1 _aBarbosa, M.A.
100 1 _aSequeira, J.L.
245 1 _aCoccidiose em cordeiros em Botucatu-SP, relato de dois casos
650 _aOvino
650 _aCoccidiose
650 _aSao Paulo
773 0 _tRevista Brasileira de Parasitologia Veterinaria (Brazil)
_xISSN 0103-846X
_g(Feb 1993), v. 2(1) p. 73-74
_wBR9702836
909 _a202311
_bLúcia
_c55
_dLúcia Elande
942 _2AGRIS
_n0
_cANA
999 _c154889
_d154889